Kraj według podpowiedzi - Statystyki

Ogólne statystyki
  • Ten quiz został rozwiązany 68 razy
    58 od ostatniego zresetowania
  • Średni wynik to 8 z 20
Statystyki odpowiedzi
Podpowiedź Odpowiedź % Poprawnych
Jest tam jeden z nowych 7 cudów świata – posąg Chrystusa Odkupiciela Brazylia
86%
Jest największym krajem Rosja
86%
Najwyższym szczytem jest Góra Kościuszki Australia
74%
Stolica tego kraju była również stolicą Jugosławii Serbia
74%
Język w tym kraju nazywa się ormiański Armenia
72%
Główne rzeki tego państwa to Senegal i Gambia Senegal
67%
Największe państwo na świecie, bez dostępu do morza Kazachstan
60%
Po angielsku również stan w USA Gruzja
40%
Na terenie tego współczesnego kraju powstała czekolada Meksyk
40%
Paramaribo jest jego stolicą Surinam
30%
Kraj ten nazywany jest wyspą czarnego chrześcijaństwa. Etiopia
26%
Jest tam ponad dwa razy więcej rowerów niż samochodów Dania
23%
Ma najwyższy wskaźnik kobiecej chirurgii plastycznej na świecie. Argentyna
19%
Motto kraju – “Postęp, Pokój, Dobrobyt” Gambia
19%
Flaga tego państwa ma najbardziej złożony wzór ze wszystkich flag na świecie Turkmenistan
19%
Posiada najdłuższy alfabet na świecie Kambodża
16%
Kwiatkiem narodowym jest oset Szkocja
12%
W skład kraju wchodzi 9 wsyp, z tego 4 są zamieszkałe. Samoa
7%
W kraju tym jest 14,8% osób powyżej 15 roku życia, które nie potrafią czytać, ani pisać Vanuatu
5%
W kraju tym temperatura nigdy nie spadła poniżej zera. Najchłodniejszego dnia termometr wskazywał 5,5 stopni Celsjusza. Nikaragua
2%
Nie znaleziono quizów pasujących do podanych kryteriów
Rozkład punktacji
Procent ludzi z każdym wynikiem
Percentyl według liczby udzielonych odpowiedzi
Twoja historia wyników
Nie rozwiązałeś tego quizu od ostatniego zresetowania